00490nam a22001697a 4500003000400000020001900004082001400023100001800037245003700055250000800092260004400100300000800144490003100152650001500183653007400198700004800272SGT a97889392787447 a150bW22K aKHAN, WAHEEDA aPSYCHOLOGY: THE CURRENT OVERVIEW a1ST aINDIA bSELECTIVE SCIENTIFIC BOOKc2022 a187 aSGTU FACULTY PUBLICATIONS  aPSYCHOLOGY aPSYCHOLOGY: THE CURRENT OVERVIEW, SGT UNIVERSITY FACULTY PUBLICATION  aDR WAHEEDA KHAN, DR RAJBIR , DR AMRA AHSAN